Statystyki dla Postacie z rodziny Addamsów

Kliknij tutaj aby rozwiązać quiz!

Ogólne statystyki

  • Ten quiz został rozwiązany 18 razy
  • Średni wynik to 5 z 8

Statystyki odpowiedzi

PodpoweidźPostać% Poprawnych
CórkaWednesday
93%
RękaRączka
86%
MamaMorticia
71%
TataGomez
57%
SynPugsley
57%
WujekFester
50%
KuzynTo
29%
KamerdynerLurch
21%

Rozkład punktacji

Percentyl według liczby udzielonych odpowiedzi

Procent ludzi z każdym wynikiem

Twoja historia wyników

Nie rozwiązałeś tego quizu